000 00313nam a22001097a 4500
999 _c155234
_d155234
082 _a
_b
100 _aMukesh Labana
245 _aPremchand ki upanyas parampara aur Phanishwar Nath 'Renu' ke upanyas:
_bek adhyaye/
_cby Mukesh Labana.
260 _aKanpur:
_bAbhay Prakashan,
_c2010.
650 _a
942 _cBK